[Event "Club 608 Online 1 - Open B (-1600)"]
[Date "2021.04.10"]
[Round "5.14"]
[White "Nicolas, Quentin"]
[Black "Remtoula, Naushad"]
[Result "0-1"]
[BlackElo "1126"]
[WhiteElo "1099"]

{Clock started by Black.} 1. e4 {[%clk 0:50:09.9]} Nc6 {[%clk 0:50:07.2]} 2. d4 {[%clk 0:50:11.3]} d5 {[%clk 0:50:06.0]} 3. e5 {[%clk 0:49:39.9]} Bf5 {[%clk 0:50:05.5]} 4. h4 {[%clk 0:49:29.9]} h6 {[%clk 0:48:24.9]} 5. g4 {[%clk 0:49:18.1]} Bh7 {[%clk 0:48:04.8]} 6. c3 {[%clk 0:46:21.6]} e6 {[%clk 0:46:26.8]} 7. b3 {[%clk 0:42:36.4]} Be7 {[%clk 0:44:46.4]} 8. h5 {[%clk 0:42:00.9]} f6 {[%clk 0:39:23.7]} 9. Bb5 {[%clk 0:34:36.9]} Qd7 {[%clk 0:37:52.1]} 10. Ba3 {[%clk 0:32:22.9]} Bxb1 {[%clk 0:35:38.4]} 11. Bxe7 {[%clk 0:32:28.2]} Ngxe7 {[%clk 0:34:11.6]} 12. Rxb1 {[%clk 0:32:14.2]} fxe5 {[%clk 0:34:00.7]} 13. dxe5 {[%clk 0:32:16.4]} a6 {[%clk 0:33:23.5]} 14. Bxc6 {[%clk 0:32:16.7]} Nxc6 {[%clk 0:33:15.9]} 15. Nf3 {[%clk 0:29:32.4]} 0-0-0 {[%clk 0:33:17.9]} 16. Qd3 {[%clk 0:29:18.2]} Qf7 {[%clk 0:32:46.6]} 17. Qe3 {[%clk 0:24:34.8]} Rdf8 {[%clk 0:29:30.8]} 18. Rh3 {[%clk 0:23:53.3]} g6 {[%clk 0:28:56.5]} 19. Rb2 {[%clk 0:22:48.2]} gxh5 {[%clk 0:28:10.1]} 20. gxh5 {[%clk 0:22:36.3]} Qf5 {[%clk 0:27:42.7]} 21. Nd4 {[%clk 0:22:18.1]} Nxd4 {[%clk 0:27:25.9]} 22. cxd4 {[%clk 0:22:23.5]} Rhg8 {[%clk 0:26:15.8]} 23. Rh1 {[%clk 0:20:56.0]} Rg4 {[%clk 0:18:30.2]} 24. Kf1 {[%clk 0:17:40.5]} Rfg8 {[%clk 0:15:30.2]} 25. f3 {[%clk 0:14:53.7]} Rg3 {[%clk 0:13:23.9]} 26. Rf2 {[%clk 0:14:04.6]} Qb1+ {[%clk 0:09:25.7]} 27. Qe1 {[%clk 0:14:09.0]} Rg1+ {[%clk 0:09:01.5]} 28. Rxg1 {[%clk 0:13:55.9]} Rxg1+ {[%clk 0:09:07.2]} 29. Kxg1 {[%clk 0:14:02.8]} Qxe1+ {[%clk 0:09:13.7]} {White Resigned} 0-1

[Event "Club 608 Online 1 - Open B (-1600)"]
[Date "2021.04.10"]
[Round "5.16"]
[White "Danièle, Jeanson"]
[Black "Peignien, Laurent"]
[Result "0-1"]
[BlackElo "1250"]
[WhiteElo "1099"]

{Clock started by Black. Arbiter adjusted W@0:50:00.0 and B@0:50:00.0. Black stopped clock for 306 seconds.} 1. e4 {[%clk 0:49:41.3]} e6 {[%clk 0:49:51.4]} 2. Nf3 {[%clk 0:49:20.9]} d5 {[%clk 0:49:56.8]} 3. d3 {[%clk 0:49:08.9]} dxe4 {[%clk 0:49:56.2]} 4. dxe4 {[%clk 0:49:13.6]} Qxd1+ {[%clk 0:49:44.7]} 5. Kxd1 {[%clk 0:49:16.0]} Bc5 {[%clk 0:49:45.3]} 6. Be3 {[%clk 0:48:43.9]} Bxe3 {[%clk 0:49:50.1]} 7. fxe3 {[%clk 0:48:50.9]} Nf6 {[%clk 0:49:55.6]} 8. Nc3 {[%clk 0:48:53.2]} Nc6 {[%clk 0:49:53.1]} 9. h3 {[%clk 0:48:28.7]} a6 {[%clk 0:49:32.2]} 10. g4 {[%clk 0:48:31.6]} e5 {[%clk 0:49:14.8]} 11. Nxe5 {[%clk 0:48:14.7]} Nxe5 {[%clk 0:49:16.5]} 12. Be2 {[%clk 0:47:58.5]} Be6 {[%clk 0:49:17.0]} 13. b3 {[%clk 0:46:25.0]} 0-0-0 {[%clk 0:49:14.6]} 14. Kc1 {[%clk 0:46:12.6]} Rd6 {[%clk 0:48:59.8]} 15. Kb2 {[%clk 0:46:01.4]} Rhd8 {[%clk 0:49:04.1]} 16. Rad1 {[%clk 0:45:09.6]} Rxd1 {[%clk 0:48:48.6]} 17. Nxd1 {[%clk 0:45:07.8]} Nxe4 {[%clk 0:48:53.0]} 18. a4 {[%clk 0:44:00.6]} Ng3 {[%clk 0:48:54.4]} 19. Re1 {[%clk 0:43:39.6]} Nxe2 {[%clk 0:49:00.6]} 20. Rxe2 {[%clk 0:42:07.5]} Rxd1 {[%clk 0:49:02.5]} 21. Kc3 {[%clk 0:40:31.7]} Rh1 {[%clk 0:49:03.2]} 22. Kd4 {[%clk 0:39:23.9]} Nc6+ {[%clk 0:48:59.4]} 23. Kc5 {[%clk 0:39:27.3]} Rxh3 {[%clk 0:49:01.5]} 24. Rd2 {[%clk 0:39:19.2]} Rxe3 {[%clk 0:48:44.8]} 25. Rh2 {[%clk 0:38:48.7]} Rc3# {[%clk 0:47:42.7]} 0-1

[Event "Club 608 Online 1 - Open B (-1600)"]
[Date "2021.04.10"]
[Round "5.17"]
[White "Guillou, Paul"]
[Black "Tu, Mathias"]
[Result "1-0"]
[BlackElo "1051"]
[WhiteCountry "FRA"]
[WhiteElo "1157"]
[WhiteFideId "551031140"]

1. d4 {[%clk 0:50:10.0]} d5 {[%clk 0:50:07.3]} 2. c4 {[%clk 0:50:18.3]} c6 {[%clk 0:50:13.3]} 3. Nc3 {[%clk 0:50:26.3]} Nf6 {[%clk 0:50:20.6]} 4. Bf4 {[%clk 0:50:33.2]} e6 {[%clk 0:50:23.2]} 5. e3 {[%clk 0:50:38.4]} Nbd7 {[%clk 0:50:29.2]} 6. cxd5 {[%clk 0:50:44.8]} exd5 {[%clk 0:50:28.4]} 7. Bd3 {[%clk 0:50:46.4]} Be7 {[%clk 0:50:20.3]} 8. Nf3 {[%clk 0:50:50.8]} 0-0 {[%clk 0:50:27.3]} 9. Rc1 {[%clk 0:50:52.9]} Re8 {[%clk 0:50:13.5]} 10. Bg5 {[%clk 0:50:34.2]} h6 {[%clk 0:50:17.2]} 11. Bh4 {[%clk 0:50:36.7]} Nf8 {[%clk 0:50:16.7]} 12. Qc2 {[%clk 0:50:38.7]} g5 {[%clk 0:49:43.8]} 13. Bg3 {[%clk 0:50:39.5]} c5 {[%clk 0:49:38.6]} 14. dxc5 {[%clk 0:50:43.7]} Bxc5 {[%clk 0:49:44.8]} 15. Be5 {[%clk 0:49:19.8]} d4 {[%clk 0:49:21.0]} 16. Bxf6 {[%clk 0:49:18.1]} Qxf6 {[%clk 0:49:22.8]} 17. Ne4 {[%clk 0:49:23.7]} Bb4+ {[%clk 0:49:08.3]} 18. Kd1 {[%clk 0:48:29.0]} Qb6 {[%clk 0:48:48.6]} 19. Nxd4 {[%clk 0:48:08.7]} Ne6 {[%clk 0:48:11.9]} 20. Nf6+ {[%clk 0:47:54.8]} Kf8 {[%clk 0:48:09.1]} 21. Nxe8 {[%clk 0:47:50.7]} Kxe8 {[%clk 0:47:49.1]} 22. Nxe6 {[%clk 0:47:56.7]} Bxe6 {[%clk 0:47:53.3]} 23. a3 {[%clk 0:47:38.5]} Be7 {[%clk 0:47:24.1]} 24. Ke2 {[%clk 0:45:31.6]} Bf6 {[%clk 0:46:37.3]} 25. Rhd1 {[%clk 0:44:54.8]} Bxb2 {[%clk 0:46:31.9]} 26. Rb1 {[%clk 0:44:56.5]} Bb3 {[%clk 0:46:32.3]} 27. Qxb2 {[%clk 0:44:39.1]} Bxd1+ {[%clk 0:46:38.9]} 28. Kxd1 {[%clk 0:44:39.5]} Qd6 {[%clk 0:46:35.0]} 29. Qb5+ {[%clk 0:44:36.6]} Kd8 {[%clk 0:46:10.6]} 30. Rb4 {[%clk 0:44:26.2]} Ke7 {[%clk 0:45:50.7]} 31. Qxb7+ {[%clk 0:44:18.4]} Ke6 {[%clk 0:45:50.0]} 32. Re4+ {[%clk 0:44:07.3]} Kf6 {[%clk 0:45:38.1]} 33. Qb2+ {[%clk 0:44:13.1]} Kf5 {[%clk 0:45:13.6]} 34. Rd4+ {[%clk 0:44:19.9]} Ke5 {[%clk 0:45:08.5]} 35. Rxd6+ {[%clk 0:44:27.4]} Kxd6 {[%clk 0:45:16.4]} 36. Qd4+ {[%clk 0:44:35.8]} Ke7 {[%clk 0:45:22.5]} 37. Qe5+ {[%clk 0:44:44.1]} Kf8 {[%clk 0:45:29.4]} 38. Qd6+ {[%clk 0:44:51.2]} Kg7 {[%clk 0:45:34.7]} 39. Qd4+ {[%clk 0:44:59.7]} Kg8 {[%clk 0:45:41.0]} 40. Bc4 {[%clk 0:45:01.9]} Rb8 {[%clk 0:45:36.5]} 41. Qxa7 {[%clk 0:45:06.9]} Rd8+ {[%clk 0:45:38.9]} 42. Kc2 {[%clk 0:45:14.5]} Kh8 {[%clk 0:45:24.6]} 43. Qxf7 {[%clk 0:45:21.3]} g4 {[%clk 0:45:32.5]} 44. Qf6+ {[%clk 0:45:29.3]} Kh7 {[%clk 0:45:35.5]} 45. Qxd8 {[%clk 0:45:35.2]} Kg6 {[%clk 0:45:35.1]} 46. Qe8+ {[%clk 0:45:42.9]} Kg5 {[%clk 0:45:40.7]} 47. Qg8+ {[%clk 0:45:47.8]} Kh5 {[%clk 0:45:41.0]} 48. Bf7+ {[%clk 0:45:53.9]} Kh4 {[%clk 0:45:46.4]} 49. Qg6 {[%clk 0:45:58.3]} g3 {[%clk 0:45:36.3]} 50. hxg3# {[%clk 0:46:05.5]} 1-0

[Event "Club 608 Online 1 - Open B (-1600)"]
[Date "2021.04.10"]
[Round "5.18"]
[White "Guillaume, Gérard"]
[Black "Leclercq, Robin"]
[Result "1-0"]
[BlackElo "1392"]
[WhiteElo "1335"]

{Clock started by White.} 1. d4 {[%clk 0:50:05.7] Black stopped clock for 56 seconds.} Nf6 {[%clk 0:48:26.2]} 2. Nf3 {[%clk 0:50:05.2]} g6 {[%clk 0:48:32.0]} 3. c4 {[%clk 0:49:14.5]} Bg7 {[%clk 0:48:37.9]} 4. Nc3 {[%clk 0:48:58.1]} d6 {[%clk 0:48:46.0]} 5. e4 {[%clk 0:48:46.0]} 0-0 {[%clk 0:48:52.3]} 6. Be2 {[%clk 0:48:01.3]} Nbd7 {[%clk 0:49:00.0]} 7. 0-0 {[%clk 0:47:32.7]} e5 {[%clk 0:49:04.3]} 8. dxe5 {[%clk 0:47:17.9]} Nxe5 {[%clk 0:48:53.2]} 9. Nxe5 {[%clk 0:47:24.7]} dxe5 {[%clk 0:49:01.4]} 10. Be3 {[%clk 0:46:58.1]} Bd7 {[%clk 0:48:22.5]} 11. Qc2 {[%clk 0:46:32.4]} Bc6 {[%clk 0:48:14.8]} 12. Rad1 {[%clk 0:46:20.1]} Qe7 {[%clk 0:48:22.6]} 13. Nd5 {[%clk 0:46:11.6]} Bxd5 {[%clk 0:48:07.6]} 14. cxd5 {[%clk 0:46:18.4]} Rad8 {[%clk 0:48:13.2]} 15. Bc5 {[%clk 0:45:57.2]} Qd7 {[%clk 0:47:30.0]} 16. Bxf8 {[%clk 0:45:51.5]} Rxf8 {[%clk 0:47:35.7]} 17. g3 {[%clk 0:45:20.8]} Qh3 {[%clk 0:46:34.4]} 18. Qxc7 {[%clk 0:44:44.6]} Rc8 {[%clk 0:45:58.6]} 19. d6 {[%clk 0:44:03.2]} Ne8 {[%clk 0:44:15.3]} 20. Qe7 {[%clk 0:42:32.1]} Bf6 {[%clk 0:43:43.7]} 21. Qxb7 {[%clk 0:42:13.4]} Qe6 {[%clk 0:42:54.1]} 22. d7 {[%clk 0:42:01.7]} {Black Resigned} 1-0

[Event "Club 608 Online 1 - Open B (-1600)"]
[Date "2021.04.10"]
[Round "5.19"]
[White "Remtoula, Jamal"]
[Black "Nouni, Rayane"]
[Result "0-1"]
[BlackElo "1151"]
[WhiteElo "1070"]

1. d4 {[%clk 0:50:10.0]} d5 {[%clk 0:50:03.3]} 2. c4 {[%clk 0:50:11.3]} e6 {[%clk 0:50:08.8]} 3. cxd5 {[%clk 0:50:04.7]} exd5 {[%clk 0:50:15.0]} 4. Nc3 {[%clk 0:50:07.6]} Nf6 {[%clk 0:50:20.5]} 5. Bf4 {[%clk 0:49:33.2]} Be7 {[%clk 0:50:19.9]} 6. e3 {[%clk 0:49:07.8]} Nbd7 {[%clk 0:50:24.4]} 7. Bd3 {[%clk 0:48:20.5]} c5 {[%clk 0:50:22.0]} 8. Nge2 {[%clk 0:45:36.2]} c4 {[%clk 0:50:09.8]} 9. Bc2 {[%clk 0:45:18.1]} a6 {[%clk 0:50:10.4]} 10. 0-0 {[%clk 0:44:53.1]} 0-0 {[%clk 0:50:15.6]} 11. e4 {[%clk 0:42:15.7]} dxe4 {[%clk 0:48:59.0]} 12. Nxe4 {[%clk 0:42:11.0]} Nxe4 {[%clk 0:48:43.5]} 13. Bxe4 {[%clk 0:42:12.0]} Nf6 {[%clk 0:48:48.2]} 14. Bf3 {[%clk 0:37:51.4]} Bd6 {[%clk 0:46:31.9]} 15. Rc1 {[%clk 0:36:17.4]} Bxf4 {[%clk 0:42:53.4]} 16. Nxf4 {[%clk 0:35:51.1]} Be6 {[%clk 0:42:48.8]} 17. Bxb7 {[%clk 0:33:18.3]} Ra7 {[%clk 0:42:37.5]} 18. Nxe6 {[%clk 0:32:34.9]} fxe6 {[%clk 0:42:36.7]} 19. Bf3 {[%clk 0:31:39.1]} Rc7 {[%clk 0:39:25.3]} 20. Re1 {[%clk 0:28:54.4]} Re8 {[%clk 0:36:38.0]} 21. b3 {[%clk 0:26:54.3]} cxb3 {[%clk 0:34:50.0]} 22. Qxb3 {[%clk 0:26:08.2]} Rxc1 {[%clk 0:34:49.7]} 23. Rxc1 {[%clk 0:26:10.6]} Qxd4 {[%clk 0:34:00.6]} 24. Bb7 {[%clk 0:25:10.8]} Qd2 {[%clk 0:30:42.2]} 25. Rd1 {[%clk 0:23:50.2]} Qa5 {[%clk 0:30:02.6]} 26. g3 {[%clk 0:21:55.2]} Qb5 {[%clk 0:29:22.3]} 27. Rb1 {[%clk 0:19:53.5]} Qxb3 {[%clk 0:28:07.2]} 28. Rxb3 {[%clk 0:19:51.8]} a5 {[%clk 0:28:03.1] Black offered a draw.} 29. Bc6 {[%clk 0:16:07.1]} Rc8 {[%clk 0:27:42.6]} 30. Rb6 {[%clk 0:15:20.3]} Nd5 {[%clk 0:20:56.3]} 31. Bxd5 {[%clk 0:13:50.6]} exd5 {[%clk 0:21:02.1]} 32. Rb5 {[%clk 0:13:36.5]} d4 {[%clk 0:21:09.0]} 33. Rd5 {[%clk 0:12:17.8] Black offered a draw.} Rc4 {[%clk 0:20:59.0]} 34. Kf1 {[%clk 0:11:14.0]} Ra4 {[%clk 0:20:56.3]} 35. Rd8+ {[%clk 0:10:39.6]} Kf7 {[%clk 0:20:59.6]} 36. f4 {[%clk 0:09:51.8]} Rxa2 {[%clk 0:21:01.1]} 37. Rd7+ {[%clk 0:09:41.6]} Kf8 {[%clk 0:21:03.6]} 38. Rxd4 {[%clk 0:09:16.1]} Rxh2 {[%clk 0:20:56.6]} 39. Kg1 {[%clk 0:07:50.7]} Ra2 {[%clk 0:21:01.4]} 40. Rd8+ {[%clk 0:06:21.1]} Ke7 {[%clk 0:21:07.1]} 41. Rh8 {[%clk 0:06:12.2]} h6 {[%clk 0:21:08.1]} 42. Rg8 {[%clk 0:06:08.4]} Kf7 {[%clk 0:21:12.3]} 43. Rh8 {[%clk 0:06:05.6]} a4 {[%clk 0:21:05.0]} 44. g4 {[%clk 0:06:09.6]} a3 {[%clk 0:21:04.3]} 45. Rd8 {[%clk 0:03:22.7]} Rb2 {[%clk 0:21:01.8]} 46. Ra8 {[%clk 0:02:56.2]} a2 {[%clk 0:21:05.2]} 47. g5 {[%clk 0:02:49.0]} hxg5 {[%clk 0:21:10.2]} 48. fxg5 {[%clk 0:02:54.7]} Rb1+ {[%clk 0:21:16.2]} 49. Kf2 {[%clk 0:02:54.9]} a1=Q {[%clk 0:21:20.6]} 50. Rxa1 {[%clk 0:02:17.1]} Rxa1 {[%clk 0:21:26.6]} 51. Kf3 {[%clk 0:02:13.6]} Ra4 {[%clk 0:21:32.7]} 52. Ke3 {[%clk 0:02:03.1]} Kg6 {[%clk 0:21:37.6]} 53. Kf3 {[%clk 0:01:42.4]} Kxg5 {[%clk 0:21:44.1]} 54. Kg3 {[%clk 0:01:48.7]} Ra3+ {[%clk 0:21:49.8]} 55. Kg2 {[%clk 0:01:50.6]} Kf4 {[%clk 0:21:55.2]} 56. Kf2 {[%clk 0:01:50.6]} Ra2+ {[%clk 0:22:01.0]} 57. Ke1 {[%clk 0:01:52.6]} Kf3 {[%clk 0:22:07.1]} 58. Kd1 {[%clk 0:01:58.4]} Ke3 {[%clk 0:22:14.7]} 59. Kc1 {[%clk 0:02:06.7]} Kd3 {[%clk 0:22:22.3]} 60. Kb1 {[%clk 0:02:14.9]} Rh2 {[%clk 0:22:28.4]} 61. Ka1 {[%clk 0:02:12.2]} Kc3 {[%clk 0:22:34.8]} 62. Kb1 {[%clk 0:02:18.8]} g5 {[%clk 0:22:40.1]} 63. Kc1 {[%clk 0:02:26.2]} Rh1# {[%clk 0:22:46.0]} 0-1